| 000 | 01369cam a22002174a 4500 | ||
|---|---|---|---|
| 005 | 20250605164238.0 | ||
| 008 | 250528s ||||||||||||||||||||||||d | ||
| 035 | _a21214 | ||
| 020 | _a9789600222975 | ||
| 040 |
_aGR-AtMCL _bgre _dGR-AtMCL _eAACR2 |
||
| 245 | 1 |
_aΔιεθνή Λογιστικά Πρότυπα / Συμπεριλαμβάνει Όλες τις Τροποποιήσεις και Βελτιώσεις που Έγιναν σε 25 ΔΛΠ/ΔΠΧΑ του 2008. _nΤόμος Β |
|
| 250 | _a5η | ||
| 260 |
_bΠαπαζήση, _c2008 |
||
| 300 | _a5030 | ||
| 520 | _aΤο παρόν βιβλίο περιλαμβάνει πλήρη ανάλυση και επεξήγηση όλων των Διεθνών Λογιστικών Προτύπων (ΔΛΠ). Πρόλογος, Ακρωνύμια, Γλωσσάριο, Εισαγωγτή, Στοιχεία Ενεργητικού, Υποχρεώσεις, Χρηματοοικονομική Αναφορά σε Εξειδικευμένες Περιπτώσεις, Ενοποιημένες Χρηματοοικονομικές Καταστάσεις, Χρηματοοικονομικά Εργαλεία, Χρηματοοικονομική Αναφορά. | ||
| 700 | 1 |
_aΒλάχος Χρίστος _97237 |
|
| 700 | 1 |
_aΛουκά Λουκάς _97238 |
|
| 942 | _cBK | ||
| 999 |
_c6281 _d6281 |
||